| 000 | 00360nam a2200145Ia 4500 | ||
|---|---|---|---|
| 008 | 200103s9999||||xx |||||||||||||| ||und|| | ||
| 040 | _aIMU-MPC | ||
| 082 | _aColumn-30 | ||
| 100 | _aPatel, R.C. and Karamchandani, C. J. | ||
| 245 | 0 | _aElements of Heat Engines | |
| 250 | _aVol. 2 | ||
| 260 |
_bAcharya Book Depot-Baroda _c1972 |
||
| 300 | _a623 | ||
| 942 | _cBK | ||
| 999 |
_c7412 _d7412 |
||